Mario Power-Ups Quiz - Statistics

General Stats
  • This quiz has been taken 103 times
    34 since last reset
  • The average score is 14 of 66
Answer Stats
Hint Answer % Correct
Super Mario Bros Super Mushroom
100%
Super Mario Bros Fire Flower
92%
Super Mario Bros Super Star
84%
Super Mario Galaxy Ice Flower
68%
New Super Mario Bros Mini Mushroom
48%
Super Mario 3D world Super Bell
48%
New Super Mario Bros Mega Mushroom
44%
New Super Mario Bros Wii Penguin Suit
44%
New Super Mario Bros Wii Propeller Suit
36%
Super Mario 64 Wing Cap
36%
Super Mario Wonder Drill Mushroom
32%
Super Mario Bros 3 Frog Suit
32%
Super Mario 64 Metal Cap
32%
Super Mario World Cape Feather
28%
Super Mario Wonder Elephant Fruit
28%
New Super Mario Bros 2 Golden Flower
28%
Super Mario Maker Series Master Sword
28%
Super Mario Bros 3 Super Leaf
28%
Super Mario Maker Series Tall Mushroom
28%
Super Mario Bros 3 Tanooki Suit
28%
Super Mario Galaxy Bee Mushroom
24%
New Super Mario Bros Blue Shell
24%
Super Mario 3D Land Boomerang Flower
24%
Super Mario Galaxy Boo Mushroom
24%
Super Mario Wonder Bubble Flower
24%
Super Mario Galaxy 2 Cloud Flower
24%
Super Mario Bros 3 Hammer Suit
24%
Super Mario Galaxy 2 Rock Mushroom
24%
Super Mario 64 Vanish Cap
24%
Super Mario 3D world Double Cherry
20%
New Super Mario Bros U/U Deluxe Super Acorn
20%
Super Mario Land Super Ball Flower
20%
Super Mario Land 2 Carrot
16%
Super Mario 3D world Lucky Bell
16%
Super Mario Galaxy Red Star
16%
Super Mario Galaxy Spring Mushroom
16%
New Super Mario Bros U/U Deluxe Super Crown
16%
Super Mario Bros 2 Poison Mushroom
12%
Super Mario 3D world Cannon Box
8%
Super Mario Bros 3 Goomba Shoe
8%
Super Mario Bros 3 Magic Wing
8%
Super Mario Maker Series Mystery Mushroom
8%
New Super Mario Bros U/U Deluxe P-Acorn
8%
Super Mario World P-Balloon
8%
Super Mario 3D world Propeller Box
8%
Super Mario Maker Series Big Mushroom
4%
Super Mario Maker Series Bullet Bill Mask
4%
Bowser's Fury Giga Bell
4%
New Super Mario Bros 2 Golden Block
4%
Super Mario 3D world Goomba Mask
4%
Super Mario 3D Land Invincibility Leaf
4%
Super Mario 3D world Light Box
4%
Super Mario Maker Series SMB2 Mushroom
4%
Super Mario Maker Series Super Hammer
4%
Super Mario Maker Series Dry Bones Shell
0%
Super Mario Maker Series Fire Clown Car
0%
Super Mario 3D world Goomba Skate
0%
Super Mario Maker Series Koopa Clown Car
0%
Super Mario Maker Series Koopa Troopa Car
0%
Super Mario Maker Series Lakitu Cloud
0%
Super Mario Maker Series Red Pow Box
0%
Super Mario Maker Series Rotten Mushroom
0%
Super Mario Maker Series Shell Helmet
0%
Super Mario Galaxy 2 Spin Drill
0%
Super Mario Maker Series Spiny Shell Helmet
0%
Super Mario 3D Land Statue Leaf
0%
No matching quizzes found
Score Distribution
Percent of People with Each Score
Percentile by Number Answered
Your Score History
You have not taken this quiz since the last reset